Statistiche per Province italiane con più Comuni

Clicka qui per fare il quiz!

Statistiche generali

  • Questo quiz è stato fatto 6 volte
  • Il punteggio medio è 11 su 15

Statistiche sulle risposte

Numero comuniProvincia% Corretto
247Cuneo
100%
121Roma
100%
312Torino
100%
243Bergamo
83%
205Brescia
83%
185Pavia
83%
187Alessandria
67%
133Milano
67%
158Salerno
67%
166Trento
67%
134Udine
67%
136Varese
67%
150Cosenza
50%
118Avellino
33%
148Como
33%

Distribuzione punteggi

Percentile per numero di risposta

Percentuale di utenti per punteggio

I tuoi punteggi nel tempo

Non hai fatto questo quiz